header

Financial modeling and valuation (Record no. 39410)

MARC details
000 -LEADER
fixed length control field 01283nam a2200313 a 4500
082 04 - DEWEY DECIMAL CLASSIFICATION NUMBER
Classification number 332.66
100 1# - MAIN ENTRY--AUTHOR NAME
Personal name Pignataro, Paul.
245 10 - TITLE STATEMENT
Title Financial modeling and valuation
260 ## - PUBLICATION, DISTRIBUTION, ETC. (IMPRINT)
Place of publication Hoboken, N.J. :
Name of publisher Wiley,
Year of publication c2013.
300 ## - PHYSICAL DESCRIPTION
Number of Pages 1 online resource (xvii, 409 p.) :
Other physical details ill.
490 0# - SERIES STATEMENT
Series statement Wiley finance series
500 ## - GENERAL NOTE
General note Includes index.
650 #0 - SUBJECT ADDED ENTRY--TOPICAL TERM
Topical Term Investment banking.
856 40 - ELECTRONIC LOCATION AND ACCESS
Uniform Resource Identifier http://site.ebrary.com/lib/rucke/Doc?id=10722550
588 ## -
-- Description based on online resource; title from title page (ebrary, viewed July 4, 2013).

No items available.

© 2026 Rongo University
Contact us: librarian | system librarian | Rongo university